| 000 | 00353nam a22001337a 4500 | ||
|---|---|---|---|
| 999 |
_c14317 _d14317 |
||
| 003 | OSt | ||
| 005 | 20190911172559.0 | ||
| 008 | 190911b ||||| |||| 00| 0 eng d | ||
| 245 | _aAnti-jaywalking to be eased for araw. | ||
| 260 |
_aDavao City: _bSun Star Davao; _cc2019. |
||
| 300 | _apage 4. | ||
| 600 | 0 |
_939512 _aTraffic regulations. |
|
| 942 |
_2ddc _cPER |
||